000 00718nam a2200253Ia 4500
003 OSt
005 20220928113548.0
006 a|||||r|||| 00| 0
007 ta
008 220927b |||||||| |||| 00| 0 eng d
020 _cUSD 146.00
024 _a140156
037 _b042, 06/03/2019, Rupa Prkashan
_cTextual
040 _aSDCL
_cSDCL
_beng
041 _2eng
_aeng
082 _aV1:71'P, Q9
100 _aReid Martin
_9433814
245 0 _aHandbook of archaeology
260 _aNew York
_b Willford press
_c2019
300 _avii,191p.
_ccm.
650 _aSanskrit
_9391587
942 _hV1:71'P, Q9
_cTEXL
_2CC
999 _c750223
_d750223